00644nam a2200229 a 4500001001300000003000900013005001700022008004100039020001000080082001800090100002000108245002200128260003300150500003500183505001300218650001700231700002000248902000800268942000700276952011800283999001300401nice12345678IN_TiNIC20260116011331.0050524s1930 egya grp 000 0 ara  ac10000a297.1247bMAL aMalik, Ibn Anas aMuatta Imam Malik aEgyptbMaktaba-E-ilmiac1930 aincludes index and biblioraphy2 aarchives aHadith-Malik1 aMalik, Ibn Anas bRHR cBK 001040708ReferHall-aHMIbHMId2007-08-08g100.00l0o297.1247 MALp04268r2007-08-08v100.00w2005-05-24yBK c607d607